Top 50 Countries by Birth Rate - Statistics

General Stats
  • This quiz has been taken 393 times
  • The average score is 36 of 50
Answer Stats
Rank Birth Rate Answer % Correct
#1 50,06 Niger
95%
#14 39,23 Nigeria
93%
#10 40,09 Republic of Congo
92%
#25 36,13 Central African Republic
91%
#19 37,05 Democratic Republic of Congo
90%
#7 42,12 Somalia
89%
#6 42,59 Ethiopia
87%
#38 31,81 Sudan
87%
#15 38,70 Chad
86%
#36 32,10 Kenya
86%
#3 45,15 Mali
86%
#45 27,46 Ghana
85%
#24 36,14 Rwanda
84%
#23 36,19 Senegal
84%
#37 31,93 Tanzania
84%
#2 47,39 Uganda
84%
#11 39,36 Angola
82%
#35 32,19 Eritrea
82%
#21 36,60 Guinea
82%
#4 43,51 Zambia
81%
#30 34,30 Gambia
80%
#12 39,34 Mozambique
80%
#16 38,12 Sierra Leone
80%
#26 35,26 Togo
80%
#34 32,49 Zimbabwe
80%
#17 37,55 Benin
79%
#33 32,57 Cameroon
79%
#46 27,08 Lesotho
78%
#22 36,45 Liberia
78%
#18 37,13 Madagascar
78%
#9 40,42 Malawi
77%
#5 43,20 Burkina Faso
76%
#8 40,58 Burundi
76%
#27 35,00 Gabon
75%
#31 33,41 Mauritania
74%
#29 34,72 Guinea-Bissau
70%
#41 31,49 Iraq
67%
#32 32,78 Yemen
67%
#28 34,88 Equatorial Guinea
66%
#13 39,30 Afghanistan
65%
#20 37,02 Sao Tome and Principe
63%
#39 31,70 Comoros
60%
#49 26,52 Swaziland
58%
#47 26,99 Jordan
36%
#48 26,65 Guatemala
28%
#40 31,65 Cote d'Ivoire
24%
#50 26,48 Belize
22%
#43 28,19 Solomon Islands
19%
#42 30,40 Marshall Islands
17%
#44 28,14 Nauru
17%
No matching quizzes found
Score Distribution
Percent of People with Each Score
Percentile by Number Answered
Your Score History
You have not taken this quiz